[Event "USA tt"]
[Site "ICC INT"]
[Date "2014.10.14"]
[Round "8"]
[White "Gershenov, Ben"]
[Black "Bryant, Todd C"]
[Result "1-0"]
[WhiteElo "2210"]
[BlackElo "2104"]
[PlyCount "71"]
[EventDate "2014.08.26"]
[EventType "team-tourn"]
[EventRounds "10"]
[EventCountry "USA"]
[SourceTitle "EXT 2015"]
[Source "ChessBase"]
[SourceDate "2014.11.20"]
[SourceVersion "1"]
[SourceVersionDate "2014.11.20"]
[SourceQuality "1"]
[WhiteTeam "Manhattan"]
[BlackTeam "Philadelphia"]
[WhiteTeamCountry "USA"]
[BlackTeamCountry "USA"]

1. d4 Nf6 2. c4 g6 3. Nc3 Bg7 4. e4 d6 5. Nf3 0-0 6. Be2 e5 7. 0-0 Nc6 8. d5 Ne7 9. Ne1 Nd7 10. Be3 f5 11. f3 f4 12. Bf2 g5 13. Nd3 Ng6 14. c5 Nf6 15. Rc1 Rf7 16. Kh1 h5 17. Qb3 g4 18. cxd6 cxd6 19. Nb5 g3 20. Bxa7 Nh4 21. Qa3 Bf8 22. Bb6 Qxb6 23. Qxa8 Bh3 24. Ne1 Qe3 25. Rc2 Nxe4 26. fxe4 Qxe4 27. Bd3 Bxg2+ 28. Rxg2 Qxd5 29. Nc3 Qc6 30. Bb5 Qc5 31. Rgg1 Rg7 32. hxg3 Nf5 33. gxf4 Ng3+ 34. Rxg3 Rxg3 35. fxe5 dxe5 36. Ne4 1-0

[Event "USA tt"]
[Site "ICC INT"]
[Date "2011.10.17"]
[Round "8"]
[White "Gershenov, Ben"]
[Black "Fisher, William"]
[Result "1/2-1/2"]
[WhiteElo "2173"]
[BlackElo "2164"]
[PlyCount "103"]
[EventDate "2011.08.29"]
[EventType "team-tourn"]
[EventRounds "10"]
[EventCountry "USA"]
[SourceTitle "CBM 144 Extra"]
[Source "ChessBase"]
[SourceDate "2011.10.28"]
[SourceVersion "1"]
[SourceVersionDate "2011.10.28"]
[SourceQuality "1"]
[WhiteTeam "New York Knights"]
[BlackTeam "Philadelphia Inventors"]
[WhiteTeamCountry "USA"]
[BlackTeamCountry "USA"]

1. c4 Nf6 2. g3 g6 3. Bg2 Bg7 4. Nc3 0-0 5. d4 d6 6. Nf3 Nc6 7. 0-0 Rb8 8. h3 Re8 9. d5 Na5 10. Qd3 c6 11. b4 Bf5 12. e4 Nxe4 13. Nxe4 Bxa1 14. bxa5 Qxa5 15. Nh4 Bxe4 16. Bxe4 cxd5 17. cxd5 Qxa2 18. Ng2 a5 19. h4 a4 20. h5 Kg7 21. hxg6 hxg6 22. Bxg6 Qb3 23. Qe4 Qc3 24. Bxf7 Kxf7 25. Qe6+ Kg7 26. Nf4 Qc2 27. Kg2 Be5 28. Nh5+ Kh8 29. Nf6 Bxf6 30. Rh1+ Qh7 31. Rxh7+ Kxh7 32. Qf5+ Kg7 33. Qg4+ Kf7 34. Qh5+ Kg7 35. Qh6+ Kg8 36. g4 Bg7 37. Qe6+ Kh8 38. g5 Rec8 39. Be3 b5 40. g6 Rc4 41. Qh3+ Kg8 42. Qh7+ Kf8 43. Bh6 Rg4+ 44. Kf3 Rxg6 45. Qxg6 Bxh6 46. Qxh6+ Kf7 47. Ke4 Rg8 48. Kf5 Ke8 49. Qc1 Rf8+ 50. Kg6 Rf6+ 51. Kg5 Rxf2 52. Qc6+ 1/2-1/2

[Event "USA tt"]
[Site "ICC INT"]
[Date "2011.10.03"]
[Round "6"]
[White "Feng, Roland"]
[Black "Gershenov, Ben"]
[Result "1-0"]
[WhiteElo "2016"]
[BlackElo "2173"]
[PlyCount "89"]
[EventDate "2011.08.29"]
[EventType "team-tourn"]
[EventRounds "10"]
[EventCountry "USA"]
[SourceTitle "CBM 144 Extra"]
[Source "ChessBase"]
[SourceDate "2011.10.28"]
[SourceVersion "1"]
[SourceVersionDate "2011.10.28"]
[SourceQuality "1"]
[WhiteTeam "Seattle"]
[BlackTeam "New York Knights"]
[WhiteTeamCountry "USA"]
[BlackTeamCountry "USA"]

1. Nf3 Nf6 2. c4 e6 3. Nc3 d5 4. d4 Bb4 5. Qc2 Nbd7 6. Bg5 0-0 7. e3 c5 8. cxd5 exd5 9. Be2 cxd4 10. Nxd4 Qa5 11. f3 Re8 12. 0-0 Bxc3 13. bxc3 h6 14. Bh4 Rxe3 15. Rac1 b6 16. Bf2 Re8 17. a4 Qc5 18. Bb5 a6 19. Nf5 Qc7 20. Bg3 Qc5+ 21. Bf2 Qf8 22. Bc6 Ra7 23. a5 Rc7 24. Bxd7 Nxd7 25. axb6 Rb7 26. Bd4 f6 27. Rb1 Re6 28. Qf2 g6 29. Nh4 Kh7 30. f4 f5 31. Nf3 Nf6 32. Qh4 Ne4 33. Rbe1 Kg8 34. Ne5 Rbxb6 35. Bxb6 Rxb6 36. Kh1 Qc5 37. Qd8+ Kg7 38. Nd3 Qc6 39. Qe7+ Kg8 40. Ne5 Qb7 41. Qe8+ Kg7 42. c4 d4 43. c5 Re6 44. Qd8 Nd2 45. c6 1-0

[Event "Politiken Cup 33rd"]
[Site "Helsingor"]
[Date "2011.08.04"]
[Round "7"]
[White "Gershenov, Ben"]
[Black "Christensen, Casper"]
[Result "1/2-1/2"]
[WhiteElo "2106"]
[BlackElo "1937"]
[PlyCount "131"]
[EventDate "2011.07.30"]
[EventType "swiss"]
[EventRounds "10"]
[EventCountry "DEN"]
[SourceTitle "CBM 143 Extra"]
[Source "ChessBase"]
[SourceDate "2011.08.29"]
[SourceVersion "1"]
[SourceVersionDate "2011.08.29"]
[SourceQuality "1"]

1. d4 Nf6 2. c4 g6 3. h4 d5 4. cxd5 Qxd5 5. Nc3 Qd8 6. e4 e5 7. Bg5 h6 8. Bxf6 Qxf6 9. dxe5 Qxe5 10. Nf3 Qd6 11. Qc2 Bg7 12. Rd1 Qb4 13. e5 Bf5 14. Bd3 Bxd3 15. Rxd3 Nc6 16. 0-0 0-0 17. Re1 Qc5 18. Rd5 Qe7 19. Rdd1 Nb4 20. Qe4 c6 21. h5 gxh5 22. Nd4 Na6 23. Nf5 Qg5 24. Re3 Nc5 25. Qc2 h4 26. b4 Ne6 27. Ne4 Qh5 28. g4 Qxg4+ 29. Rg3 Qxd1+ 30. Qxd1 hxg3 31. Qg4 Kh8 32. Qh4 gxf2+ 33. Kxf2 Rae8 34. Nxh6 f6 35. Ng4+ Kg8 36. Ngxf6+ Bxf6 37. Nxf6+ Rxf6+ 38. exf6 Rf8 39. Qh6 Rf7 40. Qg6+ Kf8 41. Ke3 Nc7 42. Qh6+ Kg8 43. Qg5+ Kf8 44. Qc5+ Kg8 45. Qxa7 Nd5+ 46. Kd2 Nxf6 47. Qb8+ Kg7 48. Qe5 Rd7+ 49. Kc2 Kf7 50. a4 Nd5 51. Kb3 Re7 52. Qf5+ Ke8 53. b5 Kd8 54. bxc6 bxc6 55. Qf8+ Kc7 56. Qa8 Re3+ 57. Kb2 Re2+ 58. Kc1 Re1+ 59. Kd2 Rb1 60. a5 Rb2+ 61. Kc1 Rb8 62. Qa7+ Rb7 63. Qf2 Nb4 64. Qg3+ Kc8 65. Qd6 Rb5 66. a6 1/2-1/2

[Event "Politiken Cup 33rd"]
[Site "Helsingor"]
[Date "2011.08.03"]
[Round "6"]
[White "Aabling Thomsen, Jakob"]
[Black "Gershenov, Ben"]
[Result "1-0"]
[WhiteElo "2325"]
[BlackElo "2106"]
[PlyCount "111"]
[EventDate "2011.07.30"]
[EventType "swiss"]
[EventRounds "10"]
[EventCountry "DEN"]
[SourceTitle "CBM 143 Extra"]
[Source "ChessBase"]
[SourceDate "2011.08.29"]
[SourceVersion "1"]
[SourceVersionDate "2011.08.29"]
[SourceQuality "1"]

1. e4 e6 2. Nf3 d5 3. Nc3 Nf6 4. e5 Nfd7 5. d4 c5 6. dxc5 Nc6 7. Bf4 Bxc5 8. Bd3 f6 9. exf6 Nxf6 10. Qe2 0-0 11. 0-0-0 a6 12. Rhe1 Qa5 13. Kb1 b5 14. Ne5 Nd4 15. Qd2 b4 16. Ne2 Nb5 17. Ka1 Nd6 18. f3 Qb6 19. Nc1 Nf7 20. Nxf7 Rxf7 21. Be5 Nd7 22. Nb3 Nxe5 23. Nxc5 Nc4 24. Bxc4 Qxc5 25. Bd3 a5 26. Qg5 a4 27. Qh5 g6 28. Qe5 a3 29. b3 Ba6 30. Kb1 Bxd3 31. cxd3 Re8 32. Rc1 Qb6 33. Qe3 Qb8 34. Qe5 Qb5 35. Red1 Qb6 36. d4 Qa6 37. Qe1 Qb6 38. Rc5 Qb8 39. Qg3 Rf4 40. Qe1 Rf5 41. Rd2 Qf4 42. Qc1 Rf7 43. h3 Ree7 44. Rd1 Qf5+ 45. Qc2 Rc7 46. Re1 Rxc5 47. Qxf5 gxf5 48. dxc5 Re7 49. Kc2 Kf7 50. Kd3 e5 51. f4 exf4 52. Rxe7+ Kxe7 53. Kd4 Ke6 54. c6 Kd6 55. c7 Kxc7 56. Kxd5 1-0

[Event "Politiken Cup 33rd"]
[Site "Helsingor"]
[Date "2011.08.01"]
[Round "4"]
[White "Giffard, Nicolas"]
[Black "Gershenov, Ben"]
[Result "1-0"]
[WhiteElo "2342"]
[BlackElo "2106"]
[PlyCount "59"]
[EventDate "2011.07.30"]
[EventType "swiss"]
[EventRounds "10"]
[EventCountry "DEN"]
[SourceTitle "CBM 143 Extra"]
[Source "ChessBase"]
[SourceDate "2011.08.29"]
[SourceVersion "1"]
[SourceVersionDate "2011.08.29"]
[SourceQuality "1"]

1. d4 Nf6 2. Nf3 d5 3. c4 g6 4. cxd5 Nxd5 5. e4 Nb6 6. Be3 Bg7 7. Nc3 0-0 8. h3 Nc6 9. Rc1 Bd7 10. Be2 e5 11. d5 Nb8 12. Qb3 c6 13. a4 cxd5 14. exd5 e4 15. Nd4 Na6 16. a5 Nc5 17. Qb4 Nba4 18. Nxa4 Nxa4 19. 0-0 a6 20. Rc2 Qe8 21. b3 f5 22. bxa4 f4 23. Bc1 f3 24. gxf3 Bxh3 25. Rd1 exf3 26. Nxf3 Rc8 27. Rxc8 Qxc8 28. Ng5 Qc2 29. Qc4 Qf5 30. Qh4 1-0

[Event "Politiken Cup 33rd"]
[Site "Helsingor"]
[Date "2011.07.31"]
[Round "3"]
[White "Gershenov, Ben"]
[Black "Rauramaa, Julius"]
[Result "1-0"]
[WhiteElo "2106"]
[BlackElo "1904"]
[PlyCount "49"]
[EventDate "2011.07.30"]
[EventType "swiss"]
[EventRounds "10"]
[EventCountry "DEN"]
[SourceTitle "CBM 143 Extra"]
[Source "ChessBase"]
[SourceDate "2011.08.29"]
[SourceVersion "1"]
[SourceVersionDate "2011.08.29"]
[SourceQuality "1"]

1. Nf3 c5 2. e4 d6 3. d4 cxd4 4. Nxd4 Nf6 5. Nc3 g6 6. Be3 Bg7 7. f3 Nc6 8. Qd2 0-0 9. 0-0-0 d5 10. exd5 Nxd5 11. Nxc6 bxc6 12. Bd4 e5 13. Bc5 Be6 14. Bc4 Re8 15. Ne4 Rb8 16. Bb3 f5 17. Ng5 Bh6 18. h4 Qf6 19. Kb1 Rb7 20. c4 Nf4 21. Bd6 Bd7 22. c5+ Kg7 23. Rhe1 Rxb3 24. Bxe5 Rxe5 25. Qxd7+ 1-0

[Event "Oslo Sveins op 4th"]
[Site "Oslo"]
[Date "2011.06.24"]
[Round "4"]
[White "Gershenov, Ben"]
[Black "Ellingsrud, Bjorn"]
[Result "1-0"]
[WhiteElo "2069"]
[BlackElo "1759"]
[PlyCount "69"]
[EventDate "2011.06.24"]
[EventType "swiss"]
[EventRounds "9"]
[EventCountry "NOR"]
[SourceTitle "CBM 143 Extra"]
[Source "ChessBase"]
[SourceDate "2011.08.29"]
[SourceVersion "1"]
[SourceVersionDate "2011.08.29"]
[SourceQuality "1"]

1. Nf3 d5 2. c4 dxc4 3. g3 Bd7 4. Bg2 Bc6 5. a4 e6 6. Qc2 Nf6 7. Qxc4 Nbd7 8. 0-0 a5 9. Qc2 Bc5 10. b3 0-0 11. Bb2 Be7 12. Na3 Nd5 13. Rad1 Bf6 14. d4 Nb4 15. Qb1 Nb6 16. e4 Qe7 17. Rfe1 g6 18. Nc2 Rfe8 19. Nxb4 axb4 20. Qc1 Rac8 21. a5 Na8 22. a6 Nb6 23. d5 Bxb2 24. Qxb2 Bb5 25. axb7 Rb8 26. dxe6 Qxe6 27. Nd4 Qf6 28. Qd2 Ba6 29. e5 Qd8 30. Nc6 Qxd2 31. Rxd2 Rxb7 32. Ra2 Bb5 33. Nd4 c6 34. Nxb5 Nd5 35. Nd6 1-0

[Event "Philadelphia op"]
[Site "Philadelphia"]
[Date "2011.04.21"]
[Round "3"]
[White "Gershenov, Ben"]
[Black "Mulyar, Michael A"]
[Result "0-1"]
[WhiteElo "2072"]
[BlackElo "2396"]
[PlyCount "76"]
[EventDate "2011.04.20"]
[EventType "swiss"]
[EventRounds "9"]
[EventCountry "USA"]
[SourceTitle "CBM 141 Extra"]
[Source "ChessBase"]
[SourceDate "2011.05.03"]
[SourceVersion "1"]
[SourceVersionDate "2011.05.03"]
[SourceQuality "1"]

1. d4 d5 2. c4 c6 3. Nc3 Nf6 4. e3 e6 5. Nf3 Nbd7 6. Bd2 Bd6 7. Bd3 dxc4 8. Bxc4 b5 9. Bd3 Bb7 10. Rc1 0-0 11. Ne4 Nxe4 12. Bxe4 Rc8 13. b4 Qe7 14. a3 a5 15. Qb3 axb4 16. axb4 e5 17. Qb1 g6 18. dxe5 Nxe5 19. Nxe5 Bxe5 20. 0-0 Qd6 21. Rfd1 Bxh2+ 22. Kh1 Be5 23. Bc3 Qf6 24. Bxe5 Qxe5 25. Rd7 Rc7 26. Rxc7 Qxc7 27. Qc2 Qe7 28. Qb1 Qf6 29. Bf3 Rd8 30. Rd1 Rxd1+ 31. Qxd1 Qh4+ 32. Kg1 Qxb4 33. Qd7 Ba8 34. Bxc6 Bxc6 35. Qxc6 Qe1+ 36. Kh2 Qxf2 37. Qe8+ Kg7 38. Qe5+ Qf6 0-1

[Event "Amantea op-A 8th"]
[Site "Amantea"]
[Date "2010.09.01"]
[Round "4"]
[White "Mladenov, Plamen"]
[Black "Gershenov, Ben"]
[Result "1-0"]
[WhiteElo "2363"]
[BlackElo "2037"]
[PlyCount "81"]
[EventDate "2010.08.29"]
[EventType "swiss"]
[EventRounds "9"]
[EventCountry "ITA"]
[SourceTitle "CBM 138 Extra"]
[Source "ChessBase"]
[SourceDate "2010.10.29"]
[SourceVersion "1"]
[SourceVersionDate "2010.10.29"]
[SourceQuality "1"]

1. e4 e6 2. Nf3 d5 3. Nc3 Nf6 4. e5 Nfd7 5. d4 c5 6. dxc5 Bxc5 7. Bd3 Nc6 8. Bf4 f6 9. exf6 Nxf6 10. Qe2 0-0 11. 0-0-0 Qa5 12. Ne5 Ba3 13. Bd2 d4 14. Nxc6 Bxb2+ 15. Kxb2 dxc3+ 16. Bxc3 Qb6+ 17. Nb4 a5 18. Qe3 Qxe3 19. fxe3 axb4 20. Bxb4 Rf7 21. Bc4 Nd5 22. Rxd5 exd5 23. Bxd5 Bf5 24. e4 Bg6 25. e5 Re8 26. Bd6 Bf5 27. Bxf7+ Kxf7 28. Rf1 Ke6 29. Rf4 Rc8 30. c4 g5 31. Rd4 g4 32. Kc3 h5 33. Kb4 h4 34. Kb5 Rd8 35. Kb6 Rd7 36. a4 Rh7 37. a5 g3 38. h3 Bg6 39. c5 Be8 40. c6 Bxc6 41. a6 1-0

[Event "Amantea op-A 8th"]
[Site "Amantea"]
[Date "2010.08.31"]
[Round "3"]
[White "Gershenov, Ben"]
[Black "Rotunno, Giuseppe"]
[Result "1-0"]
[WhiteElo "2037"]
[BlackElo "2046"]
[PlyCount "75"]
[EventDate "2010.08.29"]
[EventType "swiss"]
[EventRounds "9"]
[EventCountry "ITA"]
[SourceTitle "CBM 138 Extra"]
[Source "ChessBase"]
[SourceDate "2010.10.29"]
[SourceVersion "1"]
[SourceVersionDate "2010.10.29"]
[SourceQuality "1"]

1. d4 d5 2. c4 c6 3. Nc3 Nf6 4. Nf3 e6 5. e3 Be7 6. Bd3 dxc4 7. Bxc4 b5 8. Bd3 Bb7 9. 0-0 0-0 10. a3 a5 11. Qc2 h6 12. Rd1 Nbd7 13. e4 b4 14. Ne2 Rc8 15. axb4 axb4 16. Bc4 Qb6 17. Be3 Ng4 18. Bf4 c5 19. d5 exd5 20. exd5 Bd6 21. Bxd6 Qxd6 22. Ng3 g6 23. Ne4 Qf4 24. Ra7 Rb8 25. h3 Nge5 26. Nxe5 Nxe5 27. Nxc5 Rbc8 28. Bb5 Ba8 29. Qe4 Qxe4 30. Nxe4 f5 31. Nd6 Rc5 32. f4 Nf7 33. Nxf7 Rxb5 34. Nxh6+ Kh8 35. Nf7+ Kg8 36. d6 Bd5 37. d7 Rbb8 38. Rxd5 1-0

[Event "Oslo Sveins op 3rd"]
[Site "Oslo"]
[Date "2010.06.19"]
[Round "2"]
[White "Andersen, Mads"]
[Black "Gershenov, Ben"]
[Result "1-0"]
[WhiteElo "2353"]
[BlackElo "2061"]
[PlyCount "87"]
[EventDate "2010.06.18"]
[EventType "swiss"]
[EventRounds "9"]
[EventCountry "NOR"]
[SourceTitle "CBM 137 Extra"]
[Source "ChessBase"]
[SourceDate "2010.09.01"]
[SourceVersion "1"]
[SourceVersionDate "2010.09.01"]
[SourceQuality "1"]

1. d4 Nf6 2. c4 e6 3. g3 Bb4+ 4. Bd2 Be7 5. Bg2 d5 6. Nf3 b6 7. 0-0 0-0 8. Qc2 Ba6 9. Ne5 Bb7 10. cxd5 exd5 11. Bf4 Ne4 12. Rd1 Bd6 13. Nc3 Nxc3 14. bxc3 Qe7 15. c4 c6 16. cxd5 cxd5 17. Qb3 Qe6 18. Rac1 Rd8 19. Rc3 Bxe5 20. dxe5 Na6 21. Qb5 d4 22. Rc4 Bxg2 23. Kxg2 Nc5 24. a3 Qd5+ 25. f3 d3 26. e4 Qe6 27. Rc3 Rac8 28. Qb4 Qa2+ 29. Rd2 Qa1 30. Qc4 Qb1 31. Rc1 Qb3 32. Qxb3 Nxb3 33. Rxc8 Rxc8 34. Rxd3 Nc5 35. Rc3 Re8 36. Kf2 h6 37. h4 Re6 38. Ke2 g5 39. hxg5 hxg5 40. Bxg5 Rxe5 41. Be3 Rh5 42. Bxc5 bxc5 43. g4 Rh2+ 44. Kd3 1-0